Statistics for AUSTRALIAN SPORT TEAMS

Click here to take the quiz!

General Stats

  • This quiz has been taken 5 times
  • The average score is 31 of 93

Answer Stats

#SPORTTEAM% Correct
1STATE OF ORIGINa
100%
NRUGBY LEAGUEKangaroos
100%
NSOCCER - NationalSocceroos
100%
2Super RugbyMelbourne Rebels
80%
4Super RugbyQueensland Reds
80%
1Super RugbyACT Brumbies
60%
1NRLBrisbane Broncos
60%
2A-LEAGUEBrisbane Roar
60%
3A-LEAGUECentral Coast Mariners
60%
5A-LEAGUEMelbourne City
60%
7NRLMelbourne Storm
60%
6A-LEAGUEMelbourne Victory
60%
NRUGBY UNIONWallabies
60%
5Super RugbyWestern Force
60%
11A-LEAGUEWestern Sydney Wanderers
60%
1AFLAdelaide Crows
40%
1A-LEAGUEAdelaide United
40%
NBASKETBALLBoomers
40%
2AFLBrisbane Lions
40%
2NRLCanberra Raiders
40%
3NRLCanterbury-Bankstown Bulldogs
40%
3AFLCarlton Blues
40%
4AFLCollingwood Magpies
40%
5AFLEssendon Bombers
40%
8AFLGeelong Cats
40%
9AFLGold Coast Suns
40%
5NRLGold Coast Titans
40%
10AFLHawthorn Hawks
40%
3BBLHobart Hurricanes
40%
3NBLIllawarra Hawks
40%
NHOCKEYKookaburras
40%
4A-LEAGUEMacarthur FC
40%
11AFLMelbourne Demons
40%
8NRLNewcastle Knights
40%
9NRLNorth Queensland Cowboys
40%
3Super RugbyNSW Waratahs
40%
10NRLParramatta Eels
40%
11NRLPenrith Panthers
40%
8A-LEAGUEPerth Glory
40%
13AFLPort Adelaide Power
40%
3Sheffield ShieldQueensland Bulls
40%
14AFLRichmond Tigers
40%
5Sheffield ShieldSouth Australia
40%
12NRLSouth Sydney Rabbitohs
40%
15AFLSt Kilda Saints
40%
9A-LEAGUESydney FC
40%
5NBLSydney Kings
40%
7BBLSydney Sixers
40%
16AFLSydney Swans
40%
2Sheffield ShieldVictoria
40%
17AFLWest Coast Eagles
40%
1Sheffield ShieldWestern Australia
40%
18AFLWestern Bulldogs
40%
7NBLAdelaide 36ers
20%
NATIONAL MENS TEAM NAMECRICKETBaggy Greens
20%
6NBLBrisbane Bullets
20%
2BBLBrisbane Heat
20%
4NRLCronulla-Sutherland Sharks
20%
6AFLFremantle Dockers
20%
7AFLGWS Giants
20%
6NRLManly-Warringah Sea Eagles
20%
4BBLMelbourne Renegades
20%
5BBLMelbourne Stars
20%
7A-LEAGUENewcastle Jets
20%
15NRLNew Zealand Warriors
20%
12AFLNorth Melbourne Kangaroos
20%
3SOSNSW Blues
20%
6Sheffield ShieldNSW Blues
20%
NSOCCER - OlympicOlyroos
20%
6BBLPerth Scorchers
20%
2NBLPerth Wildcats
20%
2SOSQLD Maroons
20%
13NRLSt. George Illawarra Dragons
20%
14NRLSydney Roosters
20%
4Sheffield ShieldTasmanian Tigers
20%
10A-LEAGUEWellington Phoenix
20%
12A-LEAGUEWestern United
20%
16NRLWests Tigers
20%
1Baseball - ABLAdelaide Giants
0%
1BBLAdelaide Strikers
0%
7Baseball - ABLAuckland Tuatara
0%
2Baseball - ABLBrisbane Bandits
0%
9NBLCairns Taipans
0%
3Baseball - ABLCanberra Cavalry
0%
8Baseball - ABLGeelong-Korea
0%
4Baseball - ABLMelbourne Aces
0%
1NBLMelbourne United
0%
8NBLNZ Breakers
0%
5Baseball - ABLPerth Heat
0%
4NBLSouth East Melbourne Phoenix
0%
6Baseball - ABLSydney Blue Sox
0%
8BBLSydney Thunder
0%
10NBLTasmania JackJumpers
0%

Score Distribution

Percentile by Number Answered

Percent of People with Each Score

Your Score History

You have not taken this quiz